E-service quality and attitude toward online shopping in development countries:/ (Record no. 142547)

MARC details
000 -LEADER
fixed length control field 00828nam a22002177a 4500
005 - DATE AND TIME OF LATEST TRANSACTION
control field 20170713151953.0
010 ## - LCCN (DPL NO)
LC control number ENG-119177
020 ## - INTERNATIONAL STANDARD BOOK NUMBER
International Standard Book Number 9788175418363
Terms of availability 550.00
035 ## - SYSTEM CONTROL NUMBER
System control number EN-102709
037 ## - SOURCE OF ACQUISITION
Source of stock number/acquisition DBAD/PUB
082 ## - DEWEY DECIMAL CLASSIFICATION NUMBER
Classification number 381.14209538
100 ## - MAIN ENTRY--PERSONAL NAME
Personal name Satyanarayana,P.
245 ## - TITLE STATEMENT
Title E-service quality and attitude toward online shopping in development countries:/
Statement of responsibility, etc by Mohammad Sulaman Alnasser, Raibiul Islam [and] Ahmad Bashawir Abdul Ghani
Remainder of title study of Malaysia amd Saudi Arabia /
260 ## - PUBLICATION, DISTRIBUTION, ETC. (IMPRINT)
Place of publication, distribution, etc Delhi
Name of publisher, distributor, etc Shipra Publications
Date of publication, distribution, etc 2015
270 ## - ADDRESS
Address LG-18-19,Pankaj Central Market,I.P.Ext. Patparganj
City Delhi
Postal code 110092
300 ## - PHYSICAL DESCRIPTION
Extent xii,220p.
Dimensions 23cm(pbk)
500 ## - GENERAL NOTE
General note Includes references and index
700 ## - ADDED ENTRY--PERSONAL NAME
Personal name Raibiul Islam
700 ## - ADDED ENTRY--PERSONAL NAME
Personal name Ahmad Bashawir Abdul Ghani
942 ## - ADDED ENTRY ELEMENTS (KOHA)
Source of classification or shelving scheme Dewey Decimal Classification
Item type English Books
Call number suffix MOH
Classification part 381.14209538
Holdings
Withdrawn status Lost status Not for loan Collection code Home library Current library Date acquired Source of acquisition Cost, normal purchase price Full call number Barcode Copy number Cost, replacement price Koha item type
    Not For Loan Non-fiction D.B.Act.Division Bawana 13/07/2017 DBAD/PUB 550.00 381.14209538 MOH EN-102709 1 550.00 English Books

© Delhi Public Library
Hit Counter
free hit counter